[Event "XIII TCh-RUS 1st League"]
[Site "Sochi RUS"]
[Date "2006.04.24"]
[Round "5"]
[White "Dashibalov,E"]
[Black "Lysyj,I"]
[Result "1/2-1/2"]
[WhiteElo "2256"]
[BlackElo "2527"]
[EventDate "2006.04.20"]

1. e4 e6 2. d4 d5 3. Nc3 Bb4 4. e5 c5 5. a3 Bxc3+ 6. bxc3 Qc7 7. Qg4 f6 8.
Bb5+ Kf8 9. Nf3 Qa5 10. Rb1 a6 11. Be2 Qxc3+ 12. Kd1 Nc6 13. Bb2 Qa5 14. h4
Nh6 15. Qf4 f5 16. Rh3 c4 17. Ng5 Qc7 18. a4 b5 19. Ba3+ b4 20. Bxb4+ Nxb4
21. Rxb4 Rb8 22. Qd2 Bd7 23. Ra3 Ke7 24. a5 Nf7 25. Nh3 Rhc8 26. Rxb8 Rxb8
27. Qe3 Rb1+ 28. Kd2 Qb8 29. Qc3 Nd8 30. Ra1 Nc6 31. Rxb1 Qxb1 32. Qa3+
Qb4+ 33. Qxb4+ Nxb4 34. c3 Nc6 35. Kc2 Nxa5 36. Kb2 Nc6 37. Bd1 Nd8 38. g3
Be8 39. Nf4 Nf7 40. Ka3 Nd8 41. Kb4 Nb7 42. Bc2 g6 43. Bd1 Kf7 44. Bc2 h6
45. Nh3 Ke7 46. Bd1 Bd7 47. Bc2 Kd8 48. f3 Ke7 49. Bd1 Be8 50. Bc2 Kd8 51.
Nf4 Bf7 52. Ba4 Kc7 53. Bd1 Kb8 54. Ba4 a5+ 55. Ka3 Nd8 56. Nh3 Kc7 57. Kb2
Kb6 1/2-1/2

[Event "XIII TCh-RUS 1st League"]
[Site "Sochi RUS"]
[Date "2006.04.24"]
[Round "5"]
[White "Belozerov,A"]
[Black "Yudin,S"]
[Result "1/2-1/2"]
[WhiteElo "2538"]
[BlackElo "2442"]
[EventDate "2006.04.20"]

1. Nf3 e6 2. g3 b5 3. Bg2 Bb7 4. O-O Nf6 5. d3 c5 6. e4 d5 7. exd5 Nxd5 8.
c4 Nb4 9. cxb5 Qxd3 10. Nc3 Qxd1 11. Rxd1 Nd7 12. Bf4 Be7 13. Rxd7 Kxd7 14.
Ne5+ Kc8 15. Nxf7 Bxg2 16. Nxh8 Bf3 17. Nf7 Bf6 18. Ne5 Bxe5 19. Bxe5 g5
20. Na4 Nd3 21. Bf6 Rb8 22. Bxg5 Rxb5 23. b3 c4 24. Be3 cxb3 25. axb3 Rxb3
26. Bxa7 Kb7 27. Be3 e5 28. Nc5+ Nxc5 29. Bxc5 Kc6 30. Be3 Rd3 31. Kf1 Rd1+
32. Rxd1 Bxd1 33. Kg2 e4 34. Kh3 h5 35. Kh4 Bf3 36. Kg5 Kd6 37. Kf6 Bg4 38.
Bf4+ Kd5 39. Bc7 Bh3 40. Ba5 Bg4 41. Bc3 Bh3 42. Kg5 Bg4 43. h3 Bxh3 44.
Kxh5 Ke6 45. g4 Kf7 1/2-1/2

[Event "XIII TCh-RUS 1st League"]
[Site "Sochi RUS"]
[Date "2006.04.24"]
[Round "5"]
[White "Kolesnikov,E"]
[Black "Pogromsky,M"]
[Result "0-1"]
[WhiteElo "2381"]
[BlackElo "2363"]
[EventDate "2006.04.20"]

1. d4 Nf6 2. c4 e6 3. Nc3 Bb4 4. Bg5 h6 5. Bh4 c5 6. d5 exd5 7. cxd5 O-O 8.
e3 d6 9. Bd3 Nbd7 10. Nge2 Ne5 11. Bc2 Ng6 12. Bg3 Nh5 13. Qd3 f5 14. O-O
Nxg3 15. Nxg3 Ne5 16. Qe2 Bxc3 17. bxc3 Qh4 18. Qe1 b6 19. f4 Ng6 20. e4
Nxf4 21. Nxf5 Qg5 22. g3 Bxf5 23. Rxf4 Bg6 24. Qe3 Rf6 25. Raf1 Re8 26. Kg2
Rxf4 27. Rxf4 b5 28. Qf3 Qe5 29. h4 b4 30. cxb4 cxb4 31. Kh3 h5 32. Qf2 Rc8
33. Ba4 Rc1 34. Qf3 Qa1 35. Qf2 Rh1+ 36. Kg2 Rb1 37. Be8 Bxe8 38. Rf8+ Kh7
39. Qf5+ Bg6 0-1

[Event "XIII TCh-RUS 1st League"]
[Site "Sochi RUS"]
[Date "2006.04.24"]
[Round "5"]
[White "Shestakov,D"]
[Black "Yurtaev,L"]
[Result "0-1"]
[WhiteElo "2262"]
[BlackElo "2519"]
[EventDate "2006.04.20"]

1. d4 Nf6 2. c4 g6 3. Nc3 Bg7 4. e4 d6 5. f3 O-O 6. Be3 Nbd7 7. Nh3 c6 8.
Be2 a6 9. Qd2 b5 10. Nf2 bxc4 11. Bxc4 Nb6 12. Be2 Be6 13. O-O a5 14. Rfd1
Re8 15. Rac1 a4 16. Bh6 Bh8 17. g4 Nc4 18. Qc2 Qa5 19. d5 cxd5 20. exd5
Nxd5 21. Nxd5 Nxb2 22. Nc7 Nxd1 23. Qxd1 Bxa2 24. Nxe8 Bb3 25. Qe1 Qxe1+
26. Rxe1 Rxe8 27. Bc1 Rc8 28. Ba3 Rc2 29. Nd3 Bd4+ 30. Kf1 Bc4 31. Nc1 Kf8
32. Rd1 Be5 33. Bxc4 Rxc4 34. Ne2 Bxh2 35. Rd4 Rxd4 36. Nxd4 Ke8 37. Nc6
Kd7 38. Na5 Bf4 39. Nc4 Kc6 40. Ke2 h5 41. Nd2 Bxd2 42. Kxd2 Kd5 43. Kd3 h4
44. Bc1 h3 45. Bf4 f5 46. gxf5 gxf5 47. Kc3 e5 48. Bh2 f4 0-1

[Event "XIII TCh-RUS 1st League"]
[Site "Sochi RUS"]
[Date "2006.04.24"]
[Round "5"]
[White "Shkurikhin,I"]
[Black "Krutko,A"]
[Result "1-0"]
[WhiteElo "2279"]
[BlackElo "2356"]
[EventDate "2006.04.20"]

1. d4 Nf6 2. c4 g6 3. Nc3 Bg7 4. g3 O-O 5. Bg2 d6 6. Nf3 Nbd7 7. O-O e5 8.
e4 exd4 9. Nxd4 Re8 10. h3 a6 11. Be3 Rb8 12. b3 c5 13. Nde2 b5 14. Qxd6 b4
15. Na4 Nxe4 16. Bxe4 Rxe4 17. Nxc5 Bf8 18. Qxb8 Nxb8 19. Nxe4 Qe7 20. Nc5
Bxh3 21. Rfe1 Bg7 22. Rac1 g5 23. Kh2 Bg4 24. Ng1 Bc3 25. Rf1 Nc6 26. Na4
Bg7 27. Rce1 Ne5 28. f3 Bxf3 29. Rxf3 Nxf3+ 30. Nxf3 g4 31. Nh4 Qe4 32. Bf2
Qc2 33. Re8+ Bf8 34. Kg1 Kg7 35. Nb6 Qb1+ 36. Kg2 f6 37. Nd7 Bd6 38. c5 Be5
39. Nxe5 Qe4+ 40. Kg1 fxe5 41. Ng2 Qb1+ 42. Ne1 Kf6 43. Ra8 e4 44. Rxa6+
Ke7 45. Kf1 Qc1 46. Ra7+ Kd8 47. Ke2 Qb2+ 48. Ke3 h5 49. Rb7 Kc8 50. Ra7
Kb8 51. Re7 Qxa2 52. Rxe4 Qxb3+ 53. Nd3 Qd5 54. Rxb4+ Kc8 55. Rf4 Qe6+ 56.
Kd2 Qa2+ 57. Kc3 Qa1+ 58. Kc4 Qa2+ 59. Kd4 Qa4+ 60. Ke3 Qe8+ 61. Kd2 Qe6
62. Bd4 Qa2+ 63. Bb2 Qd5 64. Rf8+ Kb7 65. Be5 Qa2+ 66. Ke3 Qd5 67. Rb8+ Ka7
68. Rc8 h4 69. Rc7+ Ka8 70. gxh4 Qf3+ 71. Kd2 g3 72. Rg7 g2 73. Bd4 Qd5 74.
Kc3 Qa2 75. Nb4 Qa1+ 76. Kc4 Qf1+ 77. Nd3 Qe2 78. Kc3 Qa2 79. Ne5 Qa1+ 80.
Kc4 Qa2+ 81. Kb5 Qb1+ 82. Kc4 Qa2+ 83. Kd3 Qb1+ 84. Kd2 Qa2+ 85. Ke3 Qb3+
86. Ke4 Qc2+ 87. Kd5 Qb3+ 88. Ke4 Qc2+ 89. Kd5 Qb3+ 90. Kd6 Qb8+ 91. Kc6
Qb4 92. Nd7 Qa4+ 93. Kd5 Qa2+ 94. Kd6 Qa6+ 95. Nb6+ Kb8 96. Rg8+ Ka7 97.
Ra8+ 1-0

[Event "XIII TCh-RUS 1st League"]
[Site "Sochi RUS"]
[Date "2006.04.24"]
[Round "5"]
[White "Ogloblin,N"]
[Black "Barskij,V"]
[Result "1-0"]
[WhiteElo "2415"]
[BlackElo "2430"]
[EventDate "2006.04.20"]

1. d4 d5 2. Nf3 Nc6 3. Bf4 Bg4 4. e3 e6 5. c4 Bb4+ 6. Nc3 Nf6 7. a3 Bxc3+
8. bxc3 O-O 9. h3 Bxf3 10. Qxf3 Ne4 11. Bd3 f5 12. cxd5 exd5 13. c4 Ne7 14.
Qe2 Ng6 15. Bh2 c5 16. O-O cxd4 17. exd4 Re8 18. cxd5 Nc5 19. Qxe8+ Qxe8
20. dxc5 f4 21. Rfe1 Qf8 22. d6 Qf6 23. Rab1 Ne5 24. Be4 Rb8 25. c6 Qxd6
26. Bxf4 Nf3+ 27. Bxf3 Qxf4 28. cxb7 h5 29. Rec1 h4 30. Rc8+ Kh7 31. Rb4
Qf6 32. Rxh4+ 1-0

[Event "XIII TCh-RUS 1st League"]
[Site "Sochi RUS"]
[Date "2006.04.24"]
[Round "5"]
[White "Belikov,V"]
[Black "Zakhartsov,V"]
[Result "1/2-1/2"]
[WhiteElo "2552"]
[BlackElo "2547"]
[EventDate "2006.04.20"]

1. Nf3 Nf6 2. c4 c6 3. Nc3 d5 4. d4 a6 5. a4 e6 6. g3 dxc4 7. Bg2 c5 8.
dxc5 Qxd1+ 9. Nxd1 Nc6 10. Be3 Nd5 11. O-O Nxe3 12. Nxe3 Bxc5 13. Nxc4 Ke7
14. Rac1 Rd8 15. e3 Bd7 16. Nfe5 Nxe5 17. Nxe5 Bd6 18. Nxd7 1/2-1/2

[Event "XIII TCh-RUS 1st League"]
[Site "Sochi RUS"]
[Date "2006.04.24"]
[Round "5"]
[White "Panarin,M"]
[Black "Raetsky,A"]
[Result "1-0"]
[WhiteElo "2491"]
[BlackElo "2414"]
[EventDate "2006.04.20"]

1. e4 e5 2. Nf3 Nf6 3. Nxe5 d6 4. Nf3 Nxe4 5. Nc3 Nf6 6. d4 Be7 7. Bd3 O-O
8. h3 c5 9. Ne2 Nc6 10. c3 d5 11. O-O Ne4 12. Be3 cxd4 13. Nexd4 f5 14. Bb5
Qd6 15. Ba4 f4 16. Nxc6 bxc6 17. Bd4 Ba6 18. Re1 Rad8 19. b4 Bf6 20. Rc1 c5
21. bxc5 Nxc5 22. Bc2 Bc4 23. Ne5 Bxe5 24. Bxe5 Qh6 25. f3 Rf7 26. Qd4 Qc6
27. a3 Bb3 28. Bb1 Bc4 29. Rcd1 Ne6 30. Qf2 Qb6 31. Bd4 Nxd4 32. Rxd4 Rb8
33. Kh2 Qf6 34. Ba2 Rc8 35. Rxd5 g6 36. Re4 Qxc3 37. Rc5 1-0

[Event "XIII TCh-RUS 1st League"]
[Site "Sochi RUS"]
[Date "2006.04.24"]
[Round "5"]
[White "Sergienko,S"]
[Black "Bryzgalin,K"]
[Result "1/2-1/2"]
[WhiteElo "2456"]
[BlackElo "2473"]
[EventDate "2006.04.20"]

1. d4 d5 2. c4 c6 3. e3 Nf6 4. Nc3 a6 5. Qc2 b5 6. b3 Bg4 7. Nge2 Nbd7 8.
h3 Bh5 9. Nf4 Bg6 10. Nxg6 hxg6 11. Be2 e6 12. a3 Rc8 13. Bb2 Bd6 1/2-1/2

[Event "XIII TCh-RUS 1st League"]
[Site "Sochi RUS"]
[Date "2006.04.24"]
[Round "5"]
[White "Kryakvin,D"]
[Black "Kostin,Alexe"]
[Result "1-0"]
[WhiteElo "2472"]
[BlackElo "2420"]
[EventDate "2006.04.20"]

1. d4 Nf6 2. c4 e6 3. Nc3 Bb4 4. Qc2 O-O 5. a3 Bxc3+ 6. Qxc3 b5 7. cxb5 c6
8. Bg5 cxb5 9. e3 Bb7 10. Nf3 a6 11. Bd3 d6 12. O-O Nbd7 13. a4 bxa4 14.
Rxa4 Nb6 15. Ra3 Nbd5 16. Qd2 Qb6 17. e4 Nb4 18. Rb3 a5 19. Bxf6 gxf6 20.
Qh6 e5 21. dxe5 dxe5 22. Ng5 1-0

[Event "XIII TCh-RUS 1st League"]
[Site "Sochi RUS"]
[Date "2006.04.24"]
[Round "5"]
[White "Karpov,Va"]
[Black "Provotorov,I"]
[Result "1-0"]
[WhiteElo "2391"]
[BlackElo "2333"]
[EventDate "2006.04.20"]

1. Nf3 Nf6 2. c4 e6 3. d4 d5 4. Nc3 Bb4 5. e3 Nc6 6. Bd3 O-O 7. O-O dxc4 8.
Bxc4 Qe7 9. a3 Bxc3 10. bxc3 e5 11. a4 Ne4 12. Ba3 Nd6 13. Bd5 e4 14. Nd2
Bf5 15. Qb1 Rfe8 16. Qxb7 Nxb7 17. Bxe7 Nxe7 18. Bxb7 Rab8 19. Rab1 c6 20.
c4 Be6 21. a5 f5 22. Rb3 Red8 23. Rfb1 Kf7 24. Ba6 Ra8 25. R3b2 Kf6 26. Nb3
Nc8 27. Nc5 Nd6 28. Nxe6 Kxe6 29. c5 1-0

[Event "XIII TCh-RUS 1st League"]
[Site "Sochi RUS"]
[Date "2006.04.24"]
[Round "5"]
[White "Burmakin,V"]
[Black "Baklan,V"]
[Result "1/2-1/2"]
[WhiteElo "2541"]
[BlackElo "2606"]
[EventDate "2006.04.20"]

1. d4 Nf6 2. Nf3 e6 3. c4 b6 4. g3 Ba6 5. b3 Bb7 6. Bg2 Bb4+ 7. Bd2 a5 8.
O-O O-O 9. Nc3 d6 10. Qc2 Nbd7 11. Rfd1 Qe7 12. a3 Bxc3 13. Bxc3 Be4 14.
Qb2 c6 15. Bf1 b5 16. Ne1 bxc4 17. f3 Bg6 18. bxc4 c5 19. e4 cxd4 20. Bxd4
Rfc8 21. Qd2 Ne8 22. Bc3 Nc5 23. Qe3 f6 24. Rab1 Qc7 25. Rb5 Bf7 26. Ng2
Nd7 27. Qd2 Ne5 28. Bxe5 fxe5 29. Ne3 Qa7 30. Kg2 Nc7 31. Rb3 Rab8 32. Rdb1
Rxb3 33. Rxb3 Qc5 34. Nd1 Be8 35. Qf2 Na6 36. Qxc5 Nxc5 37. Rb6 Rc6 38. Rb8
Kf7 39. Nc3 Ke7 40. f4 Bd7 41. Kf3 Rc8 42. Rb6 exf4 43. gxf4 Rf8 44. h4 h6
45. h5 Be8 46. Kg4 Bxh5+ 47. Kxh5 Rxf4 48. Be2 Nxe4 49. Nxe4 Rxe4 50. Bd3
Rd4 51. Bg6 Rxc4 52. Rb7+ Kf6 53. Rf7+ Ke5 54. Rxg7 Ra4 55. Bf7 Kf6 56. Rh7
Rxa3 57. Bg8 Rh3+ 58. Kg4 Rh1 59. Kf4 Rd1 60. Rf7+ Kg6 61. Ra7 e5+ 62. Ke3
h5 63. Rxa5 h4 64. Ra4 Kg5 65. Be6 d5 66. Ke2 Rd4 1/2-1/2

[Event "XIII TCh-RUS 1st League"]
[Site "Sochi RUS"]
[Date "2006.04.24"]
[Round "5"]
[White "Zontakh,A"]
[Black "Goloshchapov,A"]
[Result "1/2-1/2"]
[WhiteElo "2553"]
[BlackElo "2556"]
[EventDate "2006.04.20"]

1. e4 c5 2. Nf3 d6 3. d4 cxd4 4. Nxd4 Nf6 5. Nc3 a6 6. Be3 e5 7. Nb3 Be6 8.
f3 Be7 9. Qd2 O-O 10. O-O-O Nbd7 11. g4 b5 12. g5 b4 13. Ne2 Ne8 14. f4 a5
15. f5 a4 16. Nbd4 exd4 17. Nxd4 b3 18. Kb1 bxc2+ 19. Nxc2 Bb3 20. axb3
axb3 21. Na3 Ne5 22. h4 Ra5 23. Qb4 Qa8 24. Bb6 Ra4 25. Qxb3 Nd7 26. Nc2
Nxb6 27. Qxb6 Nf6 28. Bb5 Rb8 29. Qc6 Qxc6 30. Bxc6 Rc4 31. Bd5 Nxd5 32.
exd5 Bd8 33. Rd4 Rc5 34. Re1 Kf8 35. Re2 Bb6 36. Nb4 Rb5 37. Rc4 Re8 38.
Rxe8+ Kxe8 39. f6 gxf6 40. gxf6 Bd8 41. Rf4 Bxf6 42. Rxf6 1/2-1/2

[Event "XIII TCh-RUS 1st League"]
[Site "Sochi RUS"]
[Date "2006.04.24"]
[Round "5"]
[White "Tseshkovsky,V"]
[Black "Chebotarev,O"]
[Result "1-0"]
[WhiteElo "2572"]
[BlackElo "2493"]
[EventDate "2006.04.20"]

1. e4 e6 2. d4 d5 3. Nc3 Nf6 4. Bg5 dxe4 5. Nxe4 Be7 6. Bxf6 gxf6 7. Nf3 a6
8. Qe2 f5 9. Ned2 c5 10. O-O-O cxd4 11. Nb3 Qc7 12. Nbxd4 O-O 13. h3 Bf6
14. g4 Qf4+ 15. Qe3 Qxe3+ 16. fxe3 b5 17. gxf5 e5 18. Ne2 Bxf5 19. Ng3 Be6
20. Nh5 Be7 21. Nxe5 f6 22. Nf4 Bf5 23. Ng4 Kh8 24. Nh6 Bc8 25. Nd5 Bd8 26.
e4 Nc6 27. Be2 Ne5 28. Bg4 Bb7 29. Bf5 Nc4 30. Kb1 Nd6 31. Rhg1 Nxf5 32.
Nxf5 Bc8 33. h4 Be6 34. h5 Rc8 35. h6 Rc4 36. Nd6 Rc6 37. Nf4 Bg8 38. Nf5
Bb6 39. Rg7 Rc4 40. Ne7 Bf7 41. Nfd5 Bxd5 42. Nxd5 Bd8 43. Ne3 1-0

[Event "XIII TCh-RUS 1st League"]
[Site "Sochi RUS"]
[Date "2006.04.24"]
[Round "5"]
[White "Rogovski,V"]
[Black "Gladyszev,O"]
[Result "1-0"]
[WhiteElo "2476"]
[BlackElo "2430"]
[EventDate "2006.04.20"]

1. e4 c5 2. Nf3 Nc6 3. d4 cxd4 4. Nxd4 Nf6 5. Nc3 e5 6. Ndb5 d6 7. Bg5 a6
8. Na3 b5 9. Nd5 Be7 10. Bxf6 Bxf6 11. c3 Bg5 12. Nc2 O-O 13. a4 bxa4 14.
Rxa4 a5 15. Bc4 Rb8 16. Ra2 Kh8 17. Nce3 Ne7 18. O-O Nxd5 19. Nxd5 f5 20.
exf5 Bxf5 21. Qe2 Be6 22. Kh1 Bxd5 23. Bxd5 Qb6 24. f3 Bd8 25. Qd3 Qc5 26.
Rd1 g6 27. Be4 Bc7 28. Qc2 Qc4 29. Bd5 Qh4 30. b3 Bb6 31. Ra4 Qe7 32. Qd2
Rbc8 33. Rg4 Rf6 34. Re1 Rcf8 35. Rc4 Bc5 36. b4 axb4 37. cxb4 Bb6 38. Rc6
Qa7 39. Qc1 Rb8 40. Qc4 Rf4 41. Be4 Bf2 42. Rc7 Qb6 43. Rc1 Bc5 44. Rd7
Qxb4 45. Qe6 1-0

[Event "XIII TCh-RUS 1st League"]
[Site "Sochi RUS"]
[Date "2006.04.24"]
[Round "5"]
[White "Airapetian,G"]
[Black "Babiy,A"]
[Result "1/2-1/2"]
[WhiteElo "2277"]
[BlackElo "2474"]
[EventDate "2006.04.20"]

1. e4 c5 2. Nf3 e6 3. c3 d5 4. e5 Ne7 5. d4 Nbc6 6. a3 Nf5 7. b4 c4 8. Be2
Be7 9. Nbd2 h5 10. h4 Bd7 11. g3 Qb6 12. Nf1 f6 13. Ne3 Nxe3 14. Bxe3 O-O-O
15. Qd2 Rdf8 16. Bf4 Be8 17. exf6 gxf6 18. Qe3 Nd8 19. O-O Bd6 20. Bd1 Bg6
21. Ra2 Qc7 22. Bxd6 Qxd6 23. Be2 Rfg8 24. Ne1 Kb8 25. Ng2 e5 26. Rd1 e4
27. Qf4 Kc7 28. Re1 Qxf4 29. Nxf4 Kd6 30. f3 f5 31. Rf1 Be8 32. Kh2 Ne6 33.
Bd1 Nxf4 34. gxf4 1/2-1/2

[Event "XIII TCh-RUS 1st League"]
[Site "Sochi RUS"]
[Date "2006.04.25"]
[Round "6"]
[White "Yudin,S"]
[Black "Goloshchapov,A"]
[Result "1/2-1/2"]
[WhiteElo "2442"]
[BlackElo "2556"]
[EventDate "2006.04.20"]

1. e4 e6 2. d4 d5 3. e5 c5 4. c3 Qb6 5. a3 a5 6. Nf3 a4 7. Bd3 Bd7 8. O-O
Nc6 9. Qe2 Na5 10. Nbd2 Nh6 11. Rd1 Be7 1/2-1/2

[Event "XIII TCh-RUS 1st League"]
[Site "Sochi RUS"]
[Date "2006.04.25"]
[Round "6"]
[White "Tseshkovsky,V"]
[Black "Kuligin,E"]
[Result "1-0"]
[WhiteElo "2572"]
[BlackElo "2334"]
[EventDate "2006.04.20"]

1. e4 c5 2. Nf3 d6 3. d4 cxd4 4. Nxd4 Nf6 5. Nc3 g6 6. Be3 Bg7 7. f3 Nc6 8.
Qd2 Bd7 9. O-O-O O-O 10. g4 Qa5 11. Nb3 Qc7 12. g5 Ne8 13. Nd5 Qd8 14. h4
e6 15. Nc3 a5 16. Nd4 Rc8 17. Kb1 Nxd4 18. Bxd4 Bxd4 19. Qxd4 b5 20. Nxb5
e5 21. Qf2 Rc6 22. h5 Be6 23. hxg6 fxg6 24. Bh3 Bc4 25. Nc3 Kh8 26. Bg4 Bg8
27. Nd5 Rc5 28. Rh6 Bxd5 29. exd5 Rf7 30. Rdh1 Rg7 31. Rxh7+ 1-0

[Event "XIII TCh-RUS 1st League"]
[Site "Sochi RUS"]
[Date "2006.04.25"]
[Round "6"]
[White "Rogovski,V"]
[Black "Shestakov,D"]
[Result "1-0"]
[WhiteElo "2476"]
[BlackElo "2262"]
[EventDate "2006.04.20"]

1. e4 c6 2. d4 d5 3. e5 Bf5 4. Nd2 e6 5. Nb3 Nd7 6. Nf3 h6 7. Be2 Qc7 8.
O-O Ne7 9. Nh4 Bh7 10. f4 c5 11. c3 O-O-O 12. Be3 c4 13. Nd2 Kb8 14. Kh1
Nc8 15. f5 Be7 16. fxe6 fxe6 17. Nhf3 Rdf8 18. Ng1 Bd8 19. Nh3 g5 20. Rc1
Ne7 21. b3 Rxf1+ 22. Nxf1 Nb6 23. Bg1 Rf8 24. Ne3 Nf5 25. Qd2 Nxe3 26. Bxe3
Qg7 27. Nf2 Rh8 28. Ng4 Rf8 29. Bg1 Be4 30. Ne3 cxb3 31. axb3 Be7 32. c4
dxc4 33. bxc4 Rd8 34. Qb2 Bf8 35. Ra1 Nc8 36. Bg4 Qe7 37. Qa2 a6 38. Rd1
Na7 39. Qf2 b5 40. d5 Bg7 41. Bxe6 Rf8 42. Qd2 Bg6 43. Ra1 Qb7 44. c5 Be4
45. c6 Qc7 46. Nc4 Nxc6 47. Rxa6 1-0

[Event "XIII TCh-RUS 1st League"]
[Site "Sochi RUS"]
[Date "2006.04.25"]
[Round "6"]
[White "Krutko,A"]
[Black "Batsanin,D"]
[Result "0-1"]
[WhiteElo "2356"]
[BlackElo "2441"]
[EventDate "2006.04.20"]

1. e4 c5 2. Nf3 Nc6 3. Bb5 g6 4. Bxc6 dxc6 5. d3 Bg7 6. h3 Nf6 7. Nc3 O-O
8. Be3 b6 9. Qd2 e5 10. Bh6 Qd6 11. O-O-O b5 12. g4 a5 13. Rdg1 a4 14. Ne2
b4 15. Ng3 Re8 16. Nf5 Bxf5 17. gxf5 b3 18. a3 bxc2 19. Nh4 Qf8 20. Bxg7
Kxg7 21. f4 exf4 22. Qc3 Rab8 23. fxg6 fxg6 24. Rg5 Rb3 25. Qxc2 Reb8 26.
e5 Nd5 27. d4 Rxb2 0-1

[Event "XIII TCh-RUS 1st League"]
[Site "Sochi RUS"]
[Date "2006.04.25"]
[Round "6"]
[White "Tsigelnitskiy,I"]
[Black "Ogloblin,N"]
[Result "0-1"]
[WhiteElo "2341"]
[BlackElo "2415"]
[EventDate "2006.04.20"]

1. e4 c5 2. Nf3 d6 3. d4 cxd4 4. Nxd4 Nf6 5. Nc3 Nc6 6. Bg5 e6 7. Qd2 a6 8.
O-O-O Bd7 9. f4 Be7 10. Nf3 h6 11. Bh4 b5 12. e5 b4 13. exf6 bxc3 14. Qxc3
gxf6 15. f5 d5 16. fxe6 fxe6 17. Bd3 Nb4 18. Kb1 Rc8 19. Qd4 Nxd3 20. Qxd3
Bb5 21. Qe3 Qd6 22. Nd4 Bd7 23. Qf3 Rf8 24. Rhe1 Rf7 25. Qh5 Rc4 26. c3 e5
27. Nf3 Bg4 28. Qxh6 Bf5+ 29. Ka1 Rh7 30. Qe3 Rcxh4 31. Nxh4 Rxh4 32. Qg3
Rg4 33. Qf3 Be6 34. b3 e4 35. Qe2 Qxh2 36. Rh1 Qe5 37. Rh8+ Kf7 38. Rh7+
Rg7 39. Rxg7+ Kxg7 40. Kb2 a5 41. Qe3 Bg4 42. Rh1 Bh5 43. g4 Bg6 44. a3 Qd6
45. b4 axb4 46. axb4 d4 47. Qxd4 Qxd4 48. cxd4 Bxb4 49. Kb3 Bd6 50. Kc3 Bf4
51. Rf1 Bg5 52. d5 e3 53. Kd4 Kf7 54. Ra1 Bc2 55. Ra7+ Ke8 56. d6 Bd1 57.
Kd5 Bxg4 58. Ra8+ Kf7 59. Ra7+ Kg6 60. Re7 e2 61. d7 Bxd7 62. Rxe2 Bg4 63.
Rf2 Be3 64. Rf1 f5 65. Ra1 Kg5 66. Kc4 Be2+ 67. Kc3 f4 68. Ra5+ Kg4 69. Re5
Kg3 0-1

[Event "XIII TCh-RUS 1st League"]
[Site "Sochi RUS"]
[Date "2006.04.25"]
[Round "6"]
[White "Lastin,A"]
[Black "Vorobiov,E"]
[Result "1-0"]
[WhiteElo "2610"]
[BlackElo "2540"]
[EventDate "2006.04.20"]

1. e4 c5 2. Nf3 e6 3. c3 Nf6 4. e5 Nd5 5. Bc4 d6 6. d4 cxd4 7. cxd4 Nc6 8.
O-O Be7 9. Qe2 O-O 10. Re1 Bd7 11. Nc3 Nxc3 12. bxc3 dxe5 13. dxe5 Na5 14.
Bd3 Bc6 15. Nd4 Bd5 16. Qg4 Re8 17. Bh6 Bf8 18. Re3 f5 19. exf6 Qxf6 20.
Bg5 Qf7 21. Nf3 Bc5 22. Ne5 Qc7 23. Rh3 h6 24. Rxh6 Qxe5 25. Bf6 1-0

[Event "XIII TCh-RUS 1st League"]
[Site "Sochi RUS"]
[Date "2006.04.25"]
[Round "6"]
[White "Evdokimov,Alexa"]
[Black "Rustemov,A"]
[Result "1-0"]
[WhiteElo "2486"]
[BlackElo "2565"]
[EventDate "2006.04.20"]

1. d4 Nf6 2. c4 e6 3. Nf3 d5 4. Nc3 Nbd7 5. Bf4 dxc4 6. e3 Nb6 7. Ne5 Bb4
8. Bxc4 Nfd5 9. O-O Bxc3 10. bxc3 Nxf4 11. exf4 Nxc4 12. Qa4+ Bd7 13. Qxc4
O-O 14. Rfe1 Be8 15. Re3 Rc8 16. Qb3 b6 17. Rd1 Qd6 18. d5 exd5 19. Rxd5
Qe6 20. f5 Qf6 21. Ng4 Qh4 22. f6 Bc6 23. fxg7 Rfd8 24. Rf5 Bd5 25. Qa4 Bc6
26. Qb3 Bd5 27. Rxd5 Qxg4 28. h3 Qg6 29. Qc4 Rxd5 30. Qxd5 Qd6 31. Qg5 h6
32. Qf5 Rd8 33. Rg3 c5 34. Kh2 b5 35. f4 a5 36. Qe4 b4 37. Qc4 Qd5 38. Qa6
Qd6 39. Qxa5 Rb8 40. cxb4 cxb4 41. Qf5 Re8 42. Qb5 Rb8 43. Qc4 Rd8 44. Rb3
Kxg7 45. Qxb4 Qf6 46. Rg3+ Kh7 47. Qe4+ Kh8 48. a4 1-0

[Event "XIII TCh-RUS 1st League"]
[Site "Sochi RUS"]
[Date "2006.04.25"]
[Round "6"]
[White "Bocharov,D"]
[Black "Kovchan,A"]
[Result "1/2-1/2"]
[WhiteElo "2559"]
[BlackElo "2499"]
[EventDate "2006.04.20"]

1. d4 Nf6 2. Nf3 g6 3. c4 Bg7 4. g3 O-O 5. Bg2 c6 6. Nc3 d5 7. cxd5 cxd5 8.
Ne5 e6 9. O-O Nfd7 10. f4 f6 11. Nf3 Nc6 12. Be3 Nb6 13. Bf2 f5 14. Ne5 Bd7
15. a4 Be8 16. a5 Nc8 17. b4 Nd6 18. Qb3 Kh8 19. Rfc1 a6 20. Na4 Qe7 21.
Nc5 Na7 22. Ra2 Bb5 23. g4 Ne4 24. Qh3 Bxe5 25. dxe5 Nxf2 26. Kxf2 Nc6 27.
gxf5 Rxf5 28. Kg1 Nxb4 29. Ra3 Bxe2 30. Rb3 Bc4 31. Nxe6 Rh5 32. Qg4 Bxb3
33. Rc7 Qe8 34. Ng5 d4 35. e6 Bxe6 36. f5 Qd8 37. Nxe6 Qf6 38. fxg6 hxg6
39. Nf4 Rh6 40. Rxb7 Rf8 41. Qd7 d3 42. Rxb4 Rd8 43. Qa4 d2 44. Bf3 Qc3 45.
Re4 Qxf3 1/2-1/2

[Event "XIII TCh-RUS 1st League"]
[Site "Sochi RUS"]
[Date "2006.04.25"]
[Round "6"]
[White "Maletin,P"]
[Black "Petukhov,D"]
[Result "1/2-1/2"]
[WhiteElo "2541"]
[BlackElo "2315"]
[EventDate "2006.04.20"]

1. Nf3 Nf6 2. g3 d5 3. Bg2 c6 4. O-O Bg4 5. c4 e6 6. d3 Nbd7 7. cxd5 exd5
8. Qc2 Bc5 9. Nbd2 O-O 10. h3 Bh5 11. Nb3 Bb6 12. a4 a5 13. Nbd4 Re8 14. b3
Ne5 15. Bb2 Nxf3+ 16. exf3 Bg6 17. Rad1 Qb8 18. f4 Qa7 19. Nf3 Nd7 20. Nh4
f6 21. f5 Bf7 22. d4 Qb8 23. Bf3 Qd6 24. Ng2 Nf8 25. Nf4 Bc7 26. Qc1 Qd7
27. Bg4 Bxf4 28. Qxf4 Re4 29. Qd2 h5 30. Bf3 Qxf5 31. Bxe4 dxe4 1/2-1/2

[Event "XIII TCh-RUS 1st League"]
[Site "Sochi RUS"]
[Date "2006.04.25"]
[Round "6"]
[White "Muromtsev,A"]
[Black "Lysyj,I"]
[Result "0-1"]
[WhiteElo "2251"]
[BlackElo "2527"]
[EventDate "2006.04.20"]

1. e4 e6 2. d4 d5 3. Nc3 Bb4 4. Bd3 dxe4 5. Bxe4 Nf6 6. Bf3 O-O 7. Nge2 e5
8. dxe5 Qxd1+ 9. Kxd1 Ng4 10. Bxg4 Bxg4 11. f3 Bf5 12. Bd2 Nc6 13. f4 Rad8
14. Kc1 f6 15. a3 Bxc3 16. Bxc3 Bg4 17. Ng3 fxe5 18. fxe5 Rf2 19. h3 Rxg2
20. hxg4 Rxg3 21. Re1 Rxg4 22. b4 Nd4 23. e6 Re8 24. Kb2 Re7 25. Rf1 Nb5
26. Rad1 h6 27. Rd8+ Kh7 28. Bd2 Rg6 0-1

[Event "XIII TCh-RUS 1st League"]
[Site "Sochi RUS"]
[Date "2006.04.25"]
[Round "6"]
[White "Baklan,V"]
[Black "Kosyrev,V"]
[Result "1/2-1/2"]
[WhiteElo "2606"]
[BlackElo "2546"]
[EventDate "2006.04.20"]

1. e4 e6 2. d4 d5 3. Nc3 Nc6 4. Nf3 Nf6 5. exd5 exd5 6. Bb5 Bb4 7. O-O O-O
8. Bxc6 bxc6 9. Ne5 Bxc3 10. bxc3 Ne4 11. f3 Nxc3 12. Qd3 Na4 13. Qa3 Nb6
14. Nxc6 Qe8 15. Ne7+ Kh8 16. Re1 Be6 17. Qc5 1/2-1/2

[Event "XIII TCh-RUS 1st League"]
[Site "Sochi RUS"]
[Date "2006.04.25"]
[Round "6"]
[White "Skorchenko,D"]
[Black "Slugin,S"]
[Result "1/2-1/2"]
[WhiteElo "2473"]
[BlackElo "2411"]
[EventDate "2006.04.20"]

1. e4 e5 2. Nf3 Nf6 3. Nxe5 d6 4. Nf3 Nxe4 5. Nc3 Nxc3 6. dxc3 Be7 7. Be3
Nc6 8. Qd2 Be6 9. O-O-O Qd7 10. Kb1 a6 11. Ng5 Bxg5 12. Bxg5 f6 13. Be3
O-O-O 14. h4 Rhe8 15. b3 Bf5 16. h5 h6 17. f3 Bh7 18. Bf2 Re5 19. c4 Qf7
20. g4 Re7 21. Qc3 Kb8 22. Rh2 Qe6 23. Bg1 Qe5 24. Qd2 Rde8 25. Rg2 1/2-1/2

[Event "XIII TCh-RUS 1st League"]
[Site "Sochi RUS"]
[Date "2006.04.25"]
[Round "6"]
[White "Gladyszev,O"]
[Black "Solovjov,S"]
[Result "1/2-1/2"]
[WhiteElo "2430"]
[BlackElo "2457"]
[EventDate "2006.04.20"]

1. d4 d5 2. c4 c6 3. Nf3 Nf6 4. Nc3 e6 5. cxd5 exd5 6. Qc2 g6 7. Bg5 Be7 8.
e3 Bf5 9. Bd3 Bxd3 10. Qxd3 O-O 11. O-O Nbd7 12. Rab1 a5 13. a3 Re8 14. h3
Ne4 15. Bf4 1/2-1/2